00779nam a2200193Ia 4500008004100000020001500041041001200056082001600068100001300084245006600097260003300163300000700196650001600203700001400219942000700233999001500240952016000255952017000415221030s9999 xx 000 0 und d a8175440554 aEnglish a105.23bMeh aS. Mehta 0aWheeler`s Question Bank Series - UNIXcby S. Mehta, R. Bangia bWheeler PubaNew Delhic1999 a94 aBE Computer aR. Bangia cBK c5822d5822 pBE 1466g60.00l0o105.23 Mehr2024-06-13 00:00:00w2022-10-30yBK003Print4071aMIETLIBbMIETLIBcBL-Second, FL-1, CUP-23, SH-4, R-4d2000-05-0610HBE pBE 1465g60.00l0o105.23 Mehr2024-06-13 00:00:00w2022-10-30yBK003Print4070aMIETLIBbMIETLIBcBL-Academic Block C, FL-2, CUP-92, SH-3, R-3d2000-05-0610HBE